000 01158nam a2200301 i 4500
001 129876
003 ES-MaACL
005 20250805063300.0
007 t|
008 070710s1982 sp ||||1| spa d
017 _aCO 21-1982
_bOficina Depósito Legal Córdoba
020 _a84-500-5172-X
080 _a75 Castillo, Antonio del
080 _a929 Castillo, Antonio del
100 1 _aZueras Torrens, Francisco,
_d1918-1992
_eaut
_9118428
245 1 0 _aAntonio del Castillo :
_bun gran pintor del Barroco /
_cFrancisco Zueras Torrens
260 _aCórdoba :
_bDiputación Provincial,
_c1982
300 _a134 páginas; 30 hojas de láminas ;
_c22 cm
490 1 _aLibros de bolsillo (Diputación Provincial de Córdoba) ;
_v8
_9229142
504 _aBibliografía: páginas 133-134
600 1 4 _aCastillo, Antonio del,
_d1616-1668
_9241564
710 1 _aCórdoba (Provincia).
_bDiputación Provincial
_eedt
_93299
830 0 _aLibros de bolsillo (Diputación Provincial de Córdoba) ;
_v8
_9229142
852 _aES-MaACL
_cDEPO2
_jL-2792
942 _2udc
_cMONOGRAFIA
_n0
999 _c129876
_d129876